000 00559nam a2200121Ia 4500
008 220620s9999||||xx |||||||||||||| ||und||
100 _aTarlow, Sarah||Battell Lowman, Emma
245 0 _aHarnessing the Power of the Criminal Corpse
546 _aEnglish[eng]
650 _aHistory||Great Britain—History||History||Crime—Sociological aspects||Historical sociology||Social history
856 _uhttps://library.oapen.org/bitstream/20.500.12657/23131/1/1007024.pdf||https://library.oapen.org/bitstream/20.500.12657/23131/1/1007024.pdf
942 _cEB
999 _c26358
_d26358